000 00784nam a22002777a 4500
001 BR8007680
003 BR-BrBNA
005 20230928090900.0
007 ta
008 230509b bl.||||| |||| 00| 0 por d
040 _aBR-BrBNA
_bpor
_cBiblioteca Nacional de Agricultura
041 _a(Por)
072 _aP36
090 _ P36 BR8007680
100 1 _aCassol, E.A.
100 1 _aSaldanha, L.J.L. (eds.)
110 1 _aAssociacao dos Engenheiros Agronomos de Porto Alegre, RS (Brasil)
_9592
245 1 _aAnais do painel sobre conservacao de solo
260 3 _aPorto Alegre, RS (Brasil):
_c1980.
300 _a28 p.
650 _aEROSAO DO SOLO
650 _aCONSERVACAO DO SOLO
650 _aRECUPERACAO DO SOLO
909 _a202309
_bLucia
_c55
_dLucia Elande
942 _cBK
999 _c31080
_d31080